<?xml version="1.0" encoding="UTF-8"?>
<record
    xmlns:xsi="http://www.w3.org/2001/XMLSchema-instance"
    xsi:schemaLocation="http://www.loc.gov/MARC21/slim http://www.loc.gov/standards/marcxml/schema/MARC21slim.xsd"
    xmlns="http://www.loc.gov/MARC21/slim">

  <leader>06435cam a2200673 c 4500</leader>
  <controlfield tag="003">OSt</controlfield>
  <controlfield tag="005">20230621125430.0</controlfield>
  <controlfield tag="007">ta</controlfield>
  <controlfield tag="007">ta</controlfield>
  <controlfield tag="008">190321t20182018nyuacf        000 0aeng d</controlfield>
  <datafield tag="010" ind1=" " ind2=" ">
    <subfield code="a">  2018469658</subfield>
  </datafield>
  <datafield tag="020" ind1=" " ind2=" ">
    <subfield code="a">1524763136</subfield>
  </datafield>
  <datafield tag="020" ind1=" " ind2=" ">
    <subfield code="a">9781524763138</subfield>
    <subfield code="q">(hardcover)</subfield>
  </datafield>
  <datafield tag="020" ind1=" " ind2=" ">
    <subfield code="z">9781524763152</subfield>
    <subfield code="q">(electronic bk.)</subfield>
  </datafield>
  <datafield tag="035" ind1=" " ind2=" ">
    <subfield code="a">on1030413521</subfield>
  </datafield>
  <datafield tag="037" ind1=" " ind2=" ">
    <subfield code="b">Random House Inc, Attn Order Entry 400 Hahn Rd, Westminster, MD, USA, 21157</subfield>
    <subfield code="n">SAN 201-3975</subfield>
  </datafield>
  <datafield tag="040" ind1=" " ind2=" ">
    <subfield code="a">NHP</subfield>
    <subfield code="b">eng</subfield>
    <subfield code="e">rda</subfield>
    <subfield code="c">DLC</subfield>
    <subfield code="d">YDX</subfield>
    <subfield code="d">MJ8</subfield>
    <subfield code="d">OCLCF</subfield>
    <subfield code="d">GK8</subfield>
    <subfield code="d">H4N</subfield>
    <subfield code="d">WSD</subfield>
    <subfield code="d">JQR</subfield>
    <subfield code="d">DAD</subfield>
    <subfield code="d">OQX</subfield>
    <subfield code="d">QQ3</subfield>
    <subfield code="d">BUR</subfield>
    <subfield code="d">JRZ</subfield>
    <subfield code="d">KSG</subfield>
    <subfield code="d">UAP</subfield>
    <subfield code="d">JQM</subfield>
    <subfield code="d">IGA</subfield>
    <subfield code="d">WLU</subfield>
    <subfield code="d">CTB</subfield>
    <subfield code="d">VP@</subfield>
    <subfield code="d">RCJ</subfield>
    <subfield code="d">IUK</subfield>
    <subfield code="d">GYG</subfield>
    <subfield code="d">NCRJL</subfield>
    <subfield code="d">FNN</subfield>
    <subfield code="d">NZD</subfield>
    <subfield code="d">ZLM</subfield>
    <subfield code="d">IDU</subfield>
    <subfield code="d">YXV</subfield>
    <subfield code="d">MUB</subfield>
    <subfield code="d">SBRWN</subfield>
    <subfield code="d">MOU</subfield>
    <subfield code="d">ZBM</subfield>
    <subfield code="d">UNVSL</subfield>
    <subfield code="d">UCW</subfield>
    <subfield code="d">UAB</subfield>
    <subfield code="d">TXING</subfield>
    <subfield code="d">KE7</subfield>
    <subfield code="d">TY2</subfield>
    <subfield code="d">W8A</subfield>
    <subfield code="d">TXWHS</subfield>
    <subfield code="d">TXKYL</subfield>
    <subfield code="d">TXLAK</subfield>
    <subfield code="d">BV1</subfield>
    <subfield code="d">XFF</subfield>
    <subfield code="d">CPS</subfield>
    <subfield code="d">CNO</subfield>
    <subfield code="d">CTL</subfield>
    <subfield code="d">CUY</subfield>
    <subfield code="d">YBM</subfield>
    <subfield code="d">KFH</subfield>
    <subfield code="d">CPG</subfield>
    <subfield code="d">IAY</subfield>
    <subfield code="d">ADRWC</subfield>
    <subfield code="d">KPS</subfield>
    <subfield code="d">CM2</subfield>
    <subfield code="d">MKN</subfield>
    <subfield code="d">KZS</subfield>
    <subfield code="d">UII</subfield>
    <subfield code="d">DF$</subfield>
    <subfield code="d">JVB</subfield>
    <subfield code="d">FPB</subfield>
    <subfield code="d">ST5</subfield>
    <subfield code="d">WEA</subfield>
    <subfield code="d">TWJ</subfield>
    <subfield code="d">MOF</subfield>
    <subfield code="d">IBI</subfield>
    <subfield code="d">TOH</subfield>
    <subfield code="d">BDX</subfield>
    <subfield code="d">T3S</subfield>
    <subfield code="d">FSP</subfield>
    <subfield code="d">NFR</subfield>
    <subfield code="d">AUU</subfield>
    <subfield code="d">GKX</subfield>
    <subfield code="d">XMC</subfield>
    <subfield code="d">ZCU</subfield>
    <subfield code="d">II2</subfield>
    <subfield code="d">ICZ</subfield>
    <subfield code="d">ICN</subfield>
    <subfield code="d">EYP</subfield>
    <subfield code="d">IBH</subfield>
    <subfield code="d">UIU</subfield>
    <subfield code="d">CGL</subfield>
    <subfield code="d">IAC</subfield>
    <subfield code="d">T7X</subfield>
    <subfield code="d">CRU</subfield>
    <subfield code="d">TXWAL</subfield>
    <subfield code="d">NGU</subfield>
    <subfield code="d">LCPCL</subfield>
    <subfield code="d">LOY</subfield>
    <subfield code="d">TJZ</subfield>
    <subfield code="d">TXPRI</subfield>
    <subfield code="d">DAWCL</subfield>
    <subfield code="d">YUS</subfield>
    <subfield code="d">VRC</subfield>
    <subfield code="d">MWS</subfield>
    <subfield code="d">SAD</subfield>
    <subfield code="d">WKU</subfield>
    <subfield code="d">TXHON</subfield>
    <subfield code="d">ORE</subfield>
    <subfield code="d">NJB</subfield>
    <subfield code="d">TXSTC</subfield>
    <subfield code="d">TXGHP</subfield>
    <subfield code="d">TXSCH</subfield>
    <subfield code="d">MWD</subfield>
    <subfield code="d">XXWGB</subfield>
    <subfield code="d">IBD</subfield>
    <subfield code="d">PORTN</subfield>
    <subfield code="d">LF6</subfield>
    <subfield code="d">NJR</subfield>
    <subfield code="d">UO3</subfield>
    <subfield code="d">MULAP</subfield>
    <subfield code="d">EYM</subfield>
    <subfield code="d">AAO</subfield>
    <subfield code="d">TXB</subfield>
    <subfield code="d">TXAPL</subfield>
    <subfield code="d">FCK</subfield>
    <subfield code="d">FYO</subfield>
    <subfield code="d">CSA</subfield>
    <subfield code="d">LANGC</subfield>
    <subfield code="d">ZAPCP</subfield>
    <subfield code="d">GUA</subfield>
    <subfield code="d">RTOPP</subfield>
    <subfield code="d">U3G</subfield>
    <subfield code="d">PBF</subfield>
    <subfield code="d">NMW</subfield>
    <subfield code="d">OKS</subfield>
    <subfield code="d">TYC</subfield>
    <subfield code="d">CZA</subfield>
    <subfield code="d">ZQC</subfield>
    <subfield code="d">OIP</subfield>
    <subfield code="d">JOHCL</subfield>
    <subfield code="d">KL8</subfield>
    <subfield code="d">YKC</subfield>
    <subfield code="d">WUN</subfield>
    <subfield code="d">AP8</subfield>
    <subfield code="d">HZG</subfield>
    <subfield code="d">JYP</subfield>
    <subfield code="d">JP8</subfield>
    <subfield code="d">LD3</subfield>
    <subfield code="d">LKC</subfield>
    <subfield code="d">YOU</subfield>
    <subfield code="d">HQD</subfield>
    <subfield code="d">SYB</subfield>
    <subfield code="d">FPJ</subfield>
    <subfield code="d">LMJ</subfield>
    <subfield code="d">BCM</subfield>
    <subfield code="d">HV6</subfield>
    <subfield code="d">QGQ</subfield>
    <subfield code="d">CGN</subfield>
    <subfield code="d">MNX</subfield>
    <subfield code="d">TXS</subfield>
    <subfield code="d">AZZPT</subfield>
    <subfield code="d">ULL</subfield>
    <subfield code="d">DXU</subfield>
    <subfield code="d">GZN</subfield>
    <subfield code="d">LMR</subfield>
    <subfield code="d">NHP</subfield>
    <subfield code="d">OCLCO</subfield>
    <subfield code="d">TME</subfield>
    <subfield code="d">OCLCO</subfield>
    <subfield code="d">CTX</subfield>
    <subfield code="d">J9U</subfield>
    <subfield code="d">OCLCO</subfield>
    <subfield code="d">CBA</subfield>
    <subfield code="d">OCLCO</subfield>
    <subfield code="d">SXQ</subfield>
    <subfield code="d">DUNPL</subfield>
    <subfield code="d">OCLCO</subfield>
    <subfield code="d">UTP</subfield>
    <subfield code="d">KYC</subfield>
    <subfield code="d">OCLCO</subfield>
    <subfield code="d">BDP</subfield>
    <subfield code="d">OCLCO</subfield>
    <subfield code="d">TEU</subfield>
    <subfield code="d">OCLCO</subfield>
    <subfield code="d">OCLCQ</subfield>
    <subfield code="d">OCLCO</subfield>
    <subfield code="d">GBVCP</subfield>
    <subfield code="d">DKC</subfield>
    <subfield code="d">OCLCO</subfield>
    <subfield code="d">YFZ</subfield>
    <subfield code="d">PZX</subfield>
    <subfield code="d">TP4</subfield>
    <subfield code="d">DLC</subfield>
    <subfield code="d">T3Q</subfield>
    <subfield code="d">OKX</subfield>
    <subfield code="d">OCLCO</subfield>
    <subfield code="d">NJT</subfield>
    <subfield code="d">OCLCO</subfield>
    <subfield code="d">TX6</subfield>
    <subfield code="d">SMI</subfield>
  </datafield>
  <datafield tag="042" ind1=" " ind2=" ">
    <subfield code="a">lccopycat</subfield>
  </datafield>
  <datafield tag="043" ind1=" " ind2=" ">
    <subfield code="a">n-us---</subfield>
    <subfield code="a">n-us-il</subfield>
  </datafield>
  <datafield tag="049" ind1=" " ind2=" ">
    <subfield code="a">SMII pcat FY2019</subfield>
  </datafield>
  <datafield tag="050" ind1="0" ind2="0">
    <subfield code="a">E909.O24</subfield>
    <subfield code="b">O23 2018</subfield>
  </datafield>
  <datafield tag="082" ind1=" " ind2=" ">
    <subfield code="a">973.932092</subfield>
    <subfield code="b">MIC</subfield>
  </datafield>
  <datafield tag="100" ind1="1" ind2=" ">
    <subfield code="a">Obama, Michelle,</subfield>
    <subfield code="d">1964-</subfield>
    <subfield code="e">author</subfield>
    <subfield code="4">http://id.loc.gov/vocabulary/relators/aut.</subfield>
    <subfield code="0">http://id.loc.gov/authorities/names/n2008054754</subfield>
  </datafield>
  <datafield tag="245" ind1="1" ind2="0">
    <subfield code="a">Becoming /</subfield>
    <subfield code="c">Michelle Obama</subfield>
  </datafield>
  <datafield tag="246" ind1="3" ind2=" ">
    <subfield code="a">Becoming Michelle Obama</subfield>
  </datafield>
  <datafield tag="250" ind1=" " ind2=" ">
    <subfield code="a">First edition</subfield>
  </datafield>
  <datafield tag="264" ind1=" " ind2="1">
    <subfield code="a">New York :</subfield>
    <subfield code="b">Crown, an imprint of the Crown Publishing Group,</subfield>
    <subfield code="c">[2018]</subfield>
  </datafield>
  <datafield tag="264" ind1=" " ind2="4">
    <subfield code="c">&#xA9;2018</subfield>
  </datafield>
  <datafield tag="300" ind1=" " ind2=" ">
    <subfield code="a">xiii, 426 pages, 16 unnumbered pages of plates :</subfield>
    <subfield code="b">illustrations (chiefly color), portraits ;</subfield>
    <subfield code="c">25 cm</subfield>
  </datafield>
  <datafield tag="336" ind1=" " ind2=" ">
    <subfield code="a">text</subfield>
    <subfield code="b">txt</subfield>
    <subfield code="2">rdacontent</subfield>
  </datafield>
  <datafield tag="337" ind1=" " ind2=" ">
    <subfield code="a">unmediated</subfield>
    <subfield code="b">n</subfield>
    <subfield code="2">rdamedia</subfield>
  </datafield>
  <datafield tag="338" ind1=" " ind2=" ">
    <subfield code="a">volume</subfield>
    <subfield code="b">nc</subfield>
    <subfield code="2">rdacarrier</subfield>
  </datafield>
  <datafield tag="386" ind1=" " ind2=" ">
    <subfield code="n">gdr</subfield>
    <subfield code="m">Gender group:</subfield>
    <subfield code="a">Women</subfield>
    <subfield code="2">lcdgt</subfield>
    <subfield code="0">http://id.loc.gov/authorities/demographicTerms/dg2015060358</subfield>
  </datafield>
  <datafield tag="386" ind1=" " ind2=" ">
    <subfield code="n">eth</subfield>
    <subfield code="m">Ethnic/cultural group</subfield>
    <subfield code="a">African Americans</subfield>
    <subfield code="2">lcdgt</subfield>
    <subfield code="0">http://id.loc.gov/authorities/demographicTerms/dg2015060362</subfield>
  </datafield>
  <datafield tag="386" ind1=" " ind2=" ">
    <subfield code="n">soc</subfield>
    <subfield code="m">Social group:</subfield>
    <subfield code="a">Presidents' spouses</subfield>
    <subfield code="2">lcsh</subfield>
    <subfield code="0">http://id.loc.gov/authorities/subjects/sh85106498</subfield>
  </datafield>
  <datafield tag="386" ind1=" " ind2=" ">
    <subfield code="n">soc</subfield>
    <subfield code="m">Social group:</subfield>
    <subfield code="a">Legislators' spouses</subfield>
    <subfield code="2">lcsh</subfield>
    <subfield code="0">http://id.loc.gov/authorities/subjects/sh85075854</subfield>
  </datafield>
  <datafield tag="386" ind1=" " ind2=" ">
    <subfield code="n">occ</subfield>
    <subfield code="m">Occupational/field of activity group:</subfield>
    <subfield code="a">Lawyers</subfield>
    <subfield code="2">lcdgt</subfield>
    <subfield code="0">http://id.loc.gov/authorities/demographicTerms/dg2015060078</subfield>
  </datafield>
  <datafield tag="386" ind1=" " ind2=" ">
    <subfield code="n">nat</subfield>
    <subfield code="m">Nationality/regional group:</subfield>
    <subfield code="a">Washingtonians (District of Columbia)</subfield>
    <subfield code="2">lcdgt</subfield>
    <subfield code="0">http://id.loc.gov/authorities/demographicTerms/dg2015060135</subfield>
  </datafield>
  <datafield tag="386" ind1=" " ind2=" ">
    <subfield code="n">nat</subfield>
    <subfield code="m">Nationality/regional group:</subfield>
    <subfield code="a">Americans</subfield>
    <subfield code="2">lcdgt</subfield>
    <subfield code="0">http://id.loc.gov/authorities/demographicTerms/dg2015060001</subfield>
  </datafield>
  <datafield tag="505" ind1="0" ind2=" ">
    <subfield code="a">Becoming me -- Becoming us -- Becoming more -- Epilogue</subfield>
  </datafield>
  <datafield tag="520" ind1=" " ind2=" ">
    <subfield code="a">"An intimate, powerful, and inspiring memoir by the former First Lady of the United States. When she was a little girl, Michelle Robinson's world was the South Side of Chicago, where she and her brother, Craig, shared a bedroom in their family's upstairs apartment and played catch in the park, and where her parents, Fraser and Marian Robinson, raised her to be outspoken and unafraid. But life soon took her much further afield, from the halls of Princeton, where she learned for the first time what if felt like to be the only black woman in a room, to the glassy office tower where she worked as a high-powered corporate lawyer--and where, one summer morning, a law student named Barack Obama appeared in her office and upended all her carefully made plans. Here, for the first time, Michelle Obama describes the early years of her marriage as she struggles to balance her work and family with her husband's fast-moving political career. She takes us inside their private debate over whether he should make a run for the presidency and her subsequent role as a popular but oft-criticized figure during his campaign. Narrating with grace, good humor, and uncommon candor, she provides a vivid, behind-the-scenes account of her family's history-making launch into the global limelight as well as their life inside the White House over eight momentous years--as she comes to know her country and her country comes to know her. [This book] takes us through modest Iowa kitchens and ballrooms at Buckingham Palace, through moments of heart-stopping grief and profound resilience, bringing us deep into the soul of a singular, groundbreaking figure in history as she strives to live authentically, marshaling her personal strength and voice in service of a set of higher ideals. In telling her story with honesty and boldness, she issues a challenge to the rest of us: Who are we and who do we want to become?"--Jacket</subfield>
  </datafield>
  <datafield tag="590" ind1=" " ind2=" ">
    <subfield code="a">AAPGMAIN copy has bookplate: Smithsonian Institution Libraries, Gift of Ellen G. Miles</subfield>
  </datafield>
  <datafield tag="590" ind1=" " ind2=" ">
    <subfield code="a">NMAF copy 39088019685700 and 39088019685742 Purchased with Adopt-a-Book Funds.</subfield>
  </datafield>
  <datafield tag="600" ind1="1" ind2="0">
    <subfield code="a">Obama, Michelle,</subfield>
    <subfield code="d">1964-</subfield>
    <subfield code="0">http://id.loc.gov/authorities/names/n2008054754</subfield>
  </datafield>
  <datafield tag="650" ind1=" " ind2="0">
    <subfield code="a">Presidents' spouses</subfield>
    <subfield code="z">United States</subfield>
    <subfield code="v">Biography.</subfield>
    <subfield code="0">http://id.loc.gov/authorities/subjects/sh2008109323</subfield>
  </datafield>
  <datafield tag="650" ind1=" " ind2="0">
    <subfield code="a">African American women lawyers</subfield>
    <subfield code="z">Illinois</subfield>
    <subfield code="z">Chicago</subfield>
    <subfield code="v">Biography</subfield>
  </datafield>
  <datafield tag="650" ind1=" " ind2="0">
    <subfield code="a">Legislators' spouses</subfield>
    <subfield code="z">United States</subfield>
    <subfield code="v">Biography.</subfield>
    <subfield code="0">http://id.loc.gov/authorities/subjects/sh2009129518</subfield>
  </datafield>
  <datafield tag="655" ind1=" " ind2="0">
    <subfield code="a">Nonfiction</subfield>
  </datafield>
  <datafield tag="655" ind1=" " ind2="7">
    <subfield code="a">Autobiographies.</subfield>
    <subfield code="2">lcgft</subfield>
    <subfield code="0">http://id.loc.gov/authorities/genreForms/gf2014026047</subfield>
  </datafield>
  <datafield tag="655" ind1=" " ind2="7">
    <subfield code="a">Biographies.</subfield>
    <subfield code="2">lcgft</subfield>
    <subfield code="0">http://id.loc.gov/authorities/genreForms/gf2014026049</subfield>
  </datafield>
  <datafield tag="655" ind1=" " ind2="7">
    <subfield code="a">Autobiographies.</subfield>
    <subfield code="2">fast</subfield>
    <subfield code="0">http://id.worldcat.org/fast/01919894</subfield>
  </datafield>
  <datafield tag="655" ind1=" " ind2="7">
    <subfield code="a">Biographies.</subfield>
    <subfield code="0">http://id.worldcat.org/fast/01919896</subfield>
  </datafield>
  <datafield tag="655" ind1=" " ind2="7">
    <subfield code="a">Biography.</subfield>
    <subfield code="0">http://id.worldcat.org/fast/01423686</subfield>
  </datafield>
  <datafield tag="951" ind1=" " ind2=" ">
    <subfield code="a">1105723</subfield>
  </datafield>
  <datafield tag="856" ind1="4" ind2="2">
    <subfield code="u">http://www.becomingmichelleobama.com</subfield>
  </datafield>
  <datafield tag="942" ind1=" " ind2=" ">
    <subfield code="2">ddc</subfield>
    <subfield code="c">BK</subfield>
  </datafield>
  <datafield tag="945" ind1=" " ind2=" ">
    <subfield code="a">camw 1/29/20 add nmaf 39088019685700, 39088019685742</subfield>
  </datafield>
  <datafield tag="949" ind1=" " ind2=" ">
    <subfield code="g">AAPGMAI</subfield>
    <subfield code="i">39088020058806</subfield>
    <subfield code="l">aapg</subfield>
    <subfield code="n">lc</subfield>
    <subfield code="t">book</subfield>
    <subfield code="x">1105723</subfield>
  </datafield>
  <datafield tag="999" ind1=" " ind2=" ">
    <subfield code="c">2170</subfield>
    <subfield code="d">2170</subfield>
  </datafield>
  <datafield tag="952" ind1=" " ind2=" ">
    <subfield code="0">0</subfield>
    <subfield code="1">0</subfield>
    <subfield code="2">ddc</subfield>
    <subfield code="4">0</subfield>
    <subfield code="7">0</subfield>
    <subfield code="a">001</subfield>
    <subfield code="b">001</subfield>
    <subfield code="d">2023-06-21</subfield>
    <subfield code="l">0</subfield>
    <subfield code="o">973.932092 MIC</subfield>
    <subfield code="p">20230046</subfield>
    <subfield code="r">2023-06-21</subfield>
    <subfield code="w">2023-06-21</subfield>
    <subfield code="y">BK</subfield>
  </datafield>
  <datafield tag="952" ind1=" " ind2=" ">
    <subfield code="0">0</subfield>
    <subfield code="1">0</subfield>
    <subfield code="2">ddc</subfield>
    <subfield code="4">0</subfield>
    <subfield code="7">0</subfield>
    <subfield code="a">001</subfield>
    <subfield code="b">001</subfield>
    <subfield code="d">2023-06-21</subfield>
    <subfield code="l">0</subfield>
    <subfield code="o">973.932092 MIC</subfield>
    <subfield code="p">20230047</subfield>
    <subfield code="r">2023-06-21</subfield>
    <subfield code="w">2023-06-21</subfield>
    <subfield code="y">BK</subfield>
  </datafield>
</record>
